000 00264nam a22001217a 4500
008 170522b xxu||||| |||| 00| 0 eng d
041 _aeng
080 _a94(4)
100 _a16
101 _aSHH
245 _aTHE QUIET INVADERS
_cSPAULDING,E.W
942 _2udc
_cBK
999 _c13755
_d13755